Loading...
| Literature - European | 0 | 7 | 0 | 2 | 70 | 59 | 105.43 | 1 | 6 | 18.21 | 40.00 |
| Science - Other | 0 | 7 | 0 | 1 | 70 | 11 | 54.43 | 6 | 7 | 39.77 | 65.00 |
| Philosophy | 0 | 6 | 0 | 2 | 60 | 51 | 82.67 | 3 | 6 | 19.03 | 42.50 |
| Science - Physics | 0 | 6 | 1 | 1 | 55 | 23 | 56.50 | 3 | 6 | 31.94 | 47.50 |
| Science - Biology | 0 | 5 | 0 | 2 | 50 | 62 | 86.80 | 1 | 4 | 11.68 | 25.00 |
| Literature - World | 0 | 5 | 0 | 0 | 50 | 43 | 80.40 | 2 | 4 | 19.73 | 32.50 |
| Literature - British | 0 | 4 | 0 | 0 | 40 | 86 | 104.75 | 0 | 4 | 11.24 | 22.50 |
| Science - Chemistry | 0 | 4 | 0 | 1 | 40 | 60 | 75.75 | 0 | 3 | 13.38 | 22.50 |
| Fine Arts - Classical Music | 0 | 4 | 1 | 2 | 35 | 42 | 79.75 | 2 | 3 | 12.59 | 22.50 |
| Religion | 0 | 3 | 1 | 1 | 25 | 80 | 93.33 | 1 | 3 | 6.51 | 17.50 |
| Fine Arts - Other | 0 | 3 | 1 | 1 | 25 | 90 | 109.00 | 2 | 2 | 6.23 | 22.50 |
| Social Science | 0 | 2 | 0 | 1 | 20 | 98 | 104.00 | 0 | 0 | 1.83 | 5.00 |
| Mythology | 0 | 2 | 1 | 0 | 15 | 72 | 86.50 | 1 | 2 | 6.32 | 15.00 |
| Literature - American | 0 | 2 | 2 | 0 | 10 | 87 | 109.50 | 0 | 2 | 4.53 | 10.00 |
| Other Academic | 0 | 1 | 0 | 0 | 10 | 72 | 72.00 | 0 | 1 | 14.13 | 25.00 |
| History - Other | 0 | 1 | 0 | 0 | 10 | 93 | 93.00 | 0 | 1 | 2.85 | 7.50 |
| Fine Arts - Painting and Sculpture | 0 | 1 | 0 | 0 | 10 | 105 | 105.00 | 0 | 1 | 1.39 | 2.50 |
| Geography | 0 | 0 | 1 | 0 | -5 | 0.00 | 0 | 0 | 0.00 | 0.00 | |
| History - American | 0 | 0 | 1 | 0 | -5 | 0.00 | 0 | 0 | 0.00 | 0.00 |